| 000 | 00816nam a2200265Ia 4500 | ||
|---|---|---|---|
| 003 | OSt | ||
| 005 | 20220926002650.0 | ||
| 006 | a|||||r|||| 00| 0 | ||
| 007 | ta | ||
| 008 | 220923b |||||||| |||| 00| 0 eng d | ||
| 020 | _a8122412009 | ||
| 037 | _cGeneral Book | ||
| 040 |
_aRTL _cRTL _beng |
||
| 041 |
_2eng _aeng |
||
| 082 | _aX991.1(X).N9, N9 | ||
| 100 |
_aDutta Pratimk _9306259 |
||
| 245 | 0 |
_aGlobalisation and developing countries _b Proceeding |
|
| 260 |
_a New Delhi _bNew Age International Publishers _c1999 |
||
| 300 |
_axxi, 428p _ccm. |
||
| 490 | _aIndian Centre for International Co-operation | ||
| 650 | _aGlobalization | ||
| 700 |
_a Sinha Kamala Ed _9306260 |
||
| 942 |
_hX991.1(X).N9, N9 _cGB _2CC |
||
| 999 |
_c605785 _d605785 |
||